00795 2200277 4500001002100000005001500021035002000036007000300056008004100059100001700100245009600117250001000213300003100223020002200254082001000276084001600286090001900302260003600321700003500357850001000392600001500402990002500417990002500442990002500467990002500492INLIS00000000000244620260602073656 a0010-0220000297ta260602 1 0 aMulasih Tary1 aMuslim Kids Story! :bCerita Tentang Ikhlas /cMulasih Tary, Penyunting: Anisa Nur Septiana aCet.1 a128 hlm. :bilus. ;c24 cm a978-602-317-373-0 a371.1 a371.1 MUL m a515 MUH k 16-2 aSurakarta :bZiyad Books,c20170 aPenyunting: Anisa Nur Septiana aPUPAD 4aPendidikan a31.546/APBD/DPK/2019 a31.547/APBD/DPK/2019 a31.545/APBD/DPK/2019 a31.548/APBD/DPK/2019